00909cam a2200277 a 4500001000500000005001700005020001800022040002300040050002300063082001200086100002000098245003800118250002300156260003300179300002400212500002100236505000800257520019900265521002000464521002000484650002700504650002400531650002200555650002500577650002900602158220260311091916.0 a9780439672443 aDLCcDLCdDLCbeng00aPZ7.D6475bFi 200100aFic2221 aD'Lacey, Chris.14aThe fire within /cChris D'Lacey. a1st Scholastic ed. aNew York :bScholasticc2001 a340 pages :c20 cm  aSequel: Icefire. aO  aWhen college student David Rain rents a room in an unusual boardinghouse full of clay dragons, he has no idea that they, along with some lively squirrels, will help jumpstart his writing career. a630 bLexile  aO bRaz-Plus  1aSupernaturalvFiction. 1aSquirrelsvFiction. 1aDragonsvFiction. 1aAuthorshipvFiction. 1aBoardinghousesvFiction.